| 000 | 00705nam a22002175i 4500 | ||
|---|---|---|---|
| 001 | 175931 | ||
| 003 | ES-MaACL | ||
| 005 | 20230906215940.0 | ||
| 008 | 101201s1962 sp o |||| | cat d | ||
| 080 | _a929 Rivel, Charlie | ||
| 100 | 1 |
_aGasch, Sebastià ( _d1897-1980) _955838 |
|
| 245 | 1 | 0 |
_aCharlie Rivel, pallaso català / _cSebastià Gasch. |
| 260 |
_a[Barcelona] : _bAlcides, _cD. L. 1962. |
||
| 300 |
_a80 p. : _bfot. bl. y n. ; _c18 cm. |
||
| 490 | 1 |
_aBiografies populars ; _v3 |
|
| 546 | _aTexto en catalán. | ||
| 600 | 0 | 4 |
_aRivel, Charlie- _vBiografías. _9144141 |
| 830 | 0 |
_aBiografies populars ; _v3 _9189851 |
|
| 852 |
_aES-MaACL _j2267-F-2 _xOlim P-81-bis |
||
| 999 |
_c175931 _d175931 |
||